Betty Crocker's cookbook : bridal edition

Main Author: Crocker, Betty (Author)
Published: Foster City, CA: IDG Books Worldwide, 2001.
Edition:9th ed.
Subjects:
LEADER 00735cam a2200241 7i4500
001 0000014790
005 20200403090000.0
008 200403s2001 caua ### #00001eng##
020 # # |a 0764563262  
040 # # |a UMT 
090 0 0 |a TX 714   |b .C7 2001 
100 1 # |a Crocker, Betty   |e author  
245 1 0 |a Betty Crocker's cookbook :   |b bridal edition   |c Betty Crocker. 
250 # # |a 9th ed. 
264 # 1 |a Foster City, CA:   |b IDG Books Worldwide,   |c 2001. 
300 # # |a xxxii, 576 pages:   |b colour illustrations;   |c 25 cm. 
336 # # |a text  |2 rdacontent 
337 # # |a unmediated  |2 rdamedia 
338 # # |a volume  |2 rdacarrier 
500 # # |a Includes index 
650 0 0 |a Weddings  
650 0 0 |a Cookery  
999 |a 2000131439  |b Book  |c Open Shelf  |e KOLEKSI TERBUKA